01007cam a22002651a 45000010005000000030008000050050017000130080041000300350018000710350018000890400049001070410008001560820021001641000039001852450080002242600047003043000025003514900034003764900058004105000083004685040050005516500024006017000052006257100064006775293BD-RjUL20211208234038.0131224s1951 nyu b 001 0 eng d a(BD-RjUL)5329 a(OCoLC)232015 aDLCcDLCdOCoLCdMoSU-LdDLCd(BD-RjUL)beng aeng04222a338.85 bSTM1 aStocking, George Ward,d1892-1975.10aMonopoly and free enterprise /cby George W. Stocking and Myron W. Watkins. aNew York :bTwentieth Century Fund,c1951. axv, 596 p. ;c24 cm.0 aTwentieth Century Fund survey0 aSurvey of international cartels and domestic monopoly a"With the Report and Recommendations of the Committee on Cartels and Monopoly" aIncludes bibliographical footnotes and index. 0aTrusts, Industrial.1 aWatkins, Myron W.q(Myron Webster),d1893-1979.2 aTwentieth Century Fund.bCommittee on Cartels and Monopoly.